Business logistics/supply chain management : (Record no. 9636)

MARC details
000 -LEADER
fixed length control field 00739nam a22002172 4500
001 - CONTROL NUMBER
control field 0000021320
005 - DATE AND TIME OF LATEST TRANSACTION
control field 20151217152229.0
008 - FIXED-LENGTH DATA ELEMENTS--GENERAL INFORMATION
fixed length control field 120314s xx 000 0 eng d
020 ## - INTERNATIONAL STANDARD BOOK NUMBER
International Standard Book Number 8131705841 :
040 ## - CATALOGING SOURCE
Original cataloging agency KABU
Transcribing agency KABU
100 1# - MAIN ENTRY--PERSONAL NAME
Personal name Ballou, Ronald H.
-- 0000182137
245 10 - TITLE STATEMENT
Title Business logistics/supply chain management :
Remainder of title planning, organizing, and controlling the supply chain /
Statement of responsibility, etc. Ronald H. Ballou, Samir K. Srivastava.
250 ## - EDITION STATEMENT
Edition statement 5th ed.
260 ## - PUBLICATION, DISTRIBUTION, ETC. (IMPRINT)
Place of publication, distribution, etc. New Delhi :
Name of publisher, distributor, etc. Pearson,
Date of publication, distribution, etc. 2007.
300 ## - PHYSICAL DESCRIPTION
Extent xx, 800 p. +
Accompanying material 1 CD-ROM.
650 #0 - SUBJECT ADDED ENTRY--TOPICAL TERM
Topical term or geographic name as entry element Business logistics.
-- 0000148287
700 1# - ADDED ENTRY--PERSONAL NAME
Personal name Srivastava, Samir K.
-- 0000182138
852 1# - LOCATION
-- p4930 KES
908 ## - PUT COMMAND PARAMETER (RLIN)
Put command parameter 120314
950 ## - LOCAL HOLDINGS (RLIN)
-- 1
Holdings
Withdrawn status Lost status Source of classification or shelving scheme Not for loan Home library Current library Date acquired Total Checkouts Full call number Barcode Date last seen Price effective from Koha item type
    Library of Congress Classification   Kabarak, Main Campus Kabarak, Main Campus 17/12/2015   HD38.5 .B35 2007 c. 1 20754 17/12/2015 17/12/2015 General Collection
Designed with assistance from East African Informatics Ltd